00275nam a2200121Ia 4500008004100000100000900041245003700050260002500087300000700112650001000119942000700129999001700136190216s9999||||xx |||||||||||||| ||und|| aNull 0aHindi-Punarmoolyakan Ke Sidhanth bPragathi Prakashan a95 aHindi cBK c15665d15665